MARC details
| 000 -CABECERA |
| campo de control de longitud fija |
01482nam a2200313 a 4500 |
| 001 - NÚMERO DE CONTROL |
| campo de control |
000018491 |
| 005 - FECHA Y HORA DE LA ÚLTIMA TRANSACCIÓN |
| campo de control |
20260120073950.0 |
| 008 - DATOS DE LONGITUD FIJA--INFORMACIÓN GENERAL |
| campo de control de longitud fija |
770131s1950 sp 000 m spa d |
| 040 ## - FUENTE DE LA CATALOGACIÓN |
| Centro catalogador/agencia de origen |
DO-SdBNP |
| Lengua de catalogación |
spa |
| Centro/agencia transcriptor |
BNPHU |
| 082 ## - NÚMERO DE LA CLASIFICACIÓN DECIMAL DEWEY |
| Número de clasificación |
291.657 |
| Número de documento/Ítem |
T316L |
| 049 ## - FONDOS LOCALES (OCLC) |
| Fondos de biblioteca |
BNGR |
| 100 0# - ENTRADA PRINCIPAL--NOMBRE DE PERSONA |
| Nombre de persona |
Teresa de Jesús, |
| Títulos y otros términos asociados al nombre |
Santa, |
| Fechas asociadas al nombre |
1515-1582. |
| 9 (RLIN) |
15863 |
| 245 10 - MENCIÓN DE TÍTULO |
| Título |
Libro de las fundaciones de Santa Teresa de Jesús : / |
| Mención de responsabilidad, etc. |
Santa Teresa de Jesús ; edición, introducción y notas de José María Aguado. |
| 260 ## - PUBLICACIÓN, DISTRIBUCIÓN, ETC. |
| Lugar de publicación, distribución, etc. |
Madrid : |
| Nombre del editor, distribuidor, etc. |
Espasa-Calpe, |
| Fecha de publicación, distribución, etc. |
1950. |
| 300 ## - DESCRIPCIÓN FÍSICA |
| Extensión |
2 v ; |
| Dimensiones |
19 cm. |
| 490 1# - MENCIÓN DE SERIE |
| Mención de serie |
Clásicos castellanos |
| Designación de volumen o secuencia |
115 y 116 |
| 500 ## - NOTA GENERAL |
| Nota general |
El v. 1 Contiene la historia de las siete primeras fundaciones. |
| 500 ## - NOTA GENERAL |
| Nota general |
El v. 2 comprende las fundaciones llevadas a cabo desde. cumplementar la orden del P. Ripalda hasta el fin de sus días. |
| 500 ## - NOTA GENERAL |
| Nota general |
Edición cotejada con el autógrafo que se venera en San Lorenzo del Escorial. |
| 500 ## - NOTA GENERAL |
| Nota general |
Precedida de una introducción, seguida de un apéndice e ilustrada con notas completivas sacadas del epistolario teresiano y de otros documentos del siglo. |
| 504 ## - NOTA DE BIBLIOGRAFÍA, ETC. |
| Nota de bibliografía, etc. |
Incluye referencias bibliográficas y notas al pie de las páginas. |
| 650 #4 - PUNTO DE ACCESO ADICIONAL DE MATERIA--TÉRMINO DE MATERIA |
| Término de materia o nombre geográfico como elemento de entrada |
Vida religiosa |
| 9 (RLIN) |
15864 |
| 650 #0 - PUNTO DE ACCESO ADICIONAL DE MATERIA--TÉRMINO DE MATERIA |
| Término de materia o nombre geográfico como elemento de entrada |
Vida espiritual |
| 9 (RLIN) |
268 |
| 650 #0 - PUNTO DE ACCESO ADICIONAL DE MATERIA--TÉRMINO DE MATERIA |
| Término de materia o nombre geográfico como elemento de entrada |
Vida cristiana |
| 9 (RLIN) |
668 |
| 650 #4 - PUNTO DE ACCESO ADICIONAL DE MATERIA--TÉRMINO DE MATERIA |
| Término de materia o nombre geográfico como elemento de entrada |
Mediación entre dios y hombre |
| Subdivisión general |
Cristianismo |
| 9 (RLIN) |
15865 |
| 700 1# - PUNTO DE ACCESO ADICIONAL--NOMBRE DE PERSONA |
| Nombre de persona |
Aguado, José María, |
| Término indicativo de función/relación |
ed. |
| 9 (RLIN) |
15866 |
| 830 #0 - PUNTO DE ACCESO ADICIONAL DE SERIE-TÍTULO UNIFORME |
| Título uniforme |
Clásicos castellanos ; |
| Designación de volumen o secuencia |
115 y 116 |
| 9 (RLIN) |
4180 |
| 910 ## - DATOS DE OPCIÓN DEL USUARIO (OCLC) |
| Datos de opción del usuario |
Catalogación original |